000 00292nam a22001337a 4500
008 170612b xxu||||| |||| 00| 0 eng d
020 _a2900618493196
041 _aeng
080 _a32
100 _a19
101 _aSHP
245 _aCOMPARATIVE POLITICS
_cBARRINGTON, L
942 _2udc
_cBK
999 _c16916
_d16916